书目信息 |
| 题名: |
毛泽东与林彪
|
|
| 作者: | 叶健君 , 程波 , 王龙彪 著 | |
| 分册: | ||
| 出版信息: | 北京 东方出版社 2015 |
|
| 页数: | 290页 | |
| 开本: | 25cm | |
| 丛书名: | ||
| 单 册: | ||
| 中图分类: | A752 , K827=73 | |
| 科图分类: | ||
| 主题词: | ||
| 电子资源: | ||
| ISBN: | 978-7-5060-8226-6 | |
| 000 | 00960nam0 22002891 450 | |
| 001 | 0127144104 | |
| 005 | 20170428083357.03 | |
| 010 | @a978-7-5060-8226-6@b软精装@dCNY50.00 | |
| 100 | @a20160504d2015 em y0chiy50 ea | |
| 101 | 0 | @achi |
| 102 | @aCN@b110000 | |
| 105 | @aa z 000yc | |
| 106 | @ar | |
| 200 | 1 | @a毛泽东与林彪@Amao ze dong yu lin biao@f叶健君,程波,王龙彪等著 |
| 205 | @a修订版 | |
| 210 | @a北京@c东方出版社@d2015 | |
| 215 | @a290页@c照片@d25cm | |
| 330 | @a本书详细介绍了毛泽东与林彪在井冈山相识、初露分岐、黄土深情、重大抉择、山雨欲来等方面,披露毛泽东与林彪之间的历史细节。 | |
| 600 | 0 | @a毛泽东@Amao ze dong@f(1893-1976)@x生平事迹 |
| 600 | 0 | @a林彪@Alin biao@f(1907-1971)@x生平事迹 |
| 690 | @aA752@v5 | |
| 690 | @aK827=73@v5 | |
| 701 | 0 | @a叶健君@Aye jian jun@c(文史)@4著 |
| 701 | 0 | @a程波@Acheng bo@4著 |
| 701 | 0 | @a王龙彪@Awang long biao@4著 |
| 801 | 0 | @aCN@bTANGWEI@c20170308 |
| 905 | @b0966687-9@dA752@e235=2@f3 | |
| 毛泽东与林彪/叶健君,程波,王龙彪等著.-修订版.-北京:东方出版社,2015 |
| 290页:照片;25cm |
| ISBN 978-7-5060-8226-6(软精装):CNY50.00 |
| 本书详细介绍了毛泽东与林彪在井冈山相识、初露分岐、黄土深情、重大抉择、山雨欲来等方面,披露毛泽东与林彪之间的历史细节。 |
| ● |
| 相关链接 |
|
|
|
|
正题名:毛泽东与林彪
索取号:A752/235=2
 
预约/预借
| 序号 | 登录号 | 条形码 | 馆藏地/架位号 | 状态 | 备注 |
| 1 | 0966687 | 209666878 | 第一样本阅览室/ [索取号:A752/235=2] | 在馆 | |
| 2 | 0966688 | 209666887 | 第一借阅区/ [索取号:A752/235=2] | 在馆 | |
| 3 | 0966689 | 209666896 | 第一借阅区/ [索取号:A752/235=2] | 在馆 |